<?xml version="1.0" encoding="UTF-8"?><marc:collection xmlns:marc="http://www.loc.gov/MARC21/slim">
  <marc:record>
    <marc:leader>02228nas a2200433 c 4500</marc:leader>
    <marc:controlfield tag="001">010057617</marc:controlfield>
    <marc:controlfield tag="003">DE-101</marc:controlfield>
    <marc:controlfield tag="005">20171201123145.0</marc:controlfield>
    <marc:controlfield tag="007">tu</marc:controlfield>
    <marc:controlfield tag="008">991118d19691972gw u||n|  ||| 0||||1ger c</marc:controlfield>
    <marc:datafield tag="016" ind1="7" ind2=" ">
      <marc:subfield code="2">DE-600</marc:subfield>
      <marc:subfield code="a">956915-7</marc:subfield>
    </marc:datafield>
    <marc:datafield tag="016" ind1="7" ind2=" ">
      <marc:subfield code="2">DE-101</marc:subfield>
      <marc:subfield code="a">010057617</marc:subfield>
    </marc:datafield>
    <marc:datafield tag="035" ind1=" " ind2=" ">
      <marc:subfield code="a">(DE-599)ZDB956915-7</marc:subfield>
    </marc:datafield>
    <marc:datafield tag="035" ind1=" " ind2=" ">
      <marc:subfield code="a">(OCoLC)183415581</marc:subfield>
    </marc:datafield>
    <marc:datafield tag="040" ind1=" " ind2=" ">
      <marc:subfield code="a">9001</marc:subfield>
      <marc:subfield code="b">ger</marc:subfield>
      <marc:subfield code="c">DE-101</marc:subfield>
      <marc:subfield code="d">9999</marc:subfield>
    </marc:datafield>
    <marc:datafield tag="041" ind1=" " ind2=" ">
      <marc:subfield code="a">ger</marc:subfield>
    </marc:datafield>
    <marc:datafield tag="042" ind1=" " ind2=" ">
      <marc:subfield code="a">zdb</marc:subfield>
    </marc:datafield>
    <marc:datafield tag="044" ind1=" " ind2=" ">
      <marc:subfield code="c">XA-DE</marc:subfield>
    </marc:datafield>
    <marc:datafield tag="082" ind1="7" ind2="4">
      <marc:subfield code="a">914.3</marc:subfield>
      <marc:subfield code="a">943</marc:subfield>
      <marc:subfield code="a">070</marc:subfield>
      <marc:subfield code="q">DE-600</marc:subfield>
      <marc:subfield code="2">22sdnb</marc:subfield>
    </marc:datafield>
    <marc:datafield tag="110" ind1="1" ind2=" ">
      <marc:subfield code="0">(DE-588)4043910-0</marc:subfield>
      <marc:subfield code="0">https://d-nb.info/gnd/4043910-0</marc:subfield>
      <marc:subfield code="0">(DE-101)040439100</marc:subfield>
      <marc:subfield code="a">Ortenberg</marc:subfield>
      <marc:subfield code="g">Wetteraukreis</marc:subfield>
      <marc:subfield code="e">Verfasser</marc:subfield>
      <marc:subfield code="4">aut</marc:subfield>
      <marc:subfield code="2">gnd</marc:subfield>
    </marc:datafield>
    <marc:datafield tag="245" ind1="1" ind2="0">
      <marc:subfield code="a">Heimatblatt für die Stadt Ortenberg und die Gemeinden Bergheim, Selters, Schwickartshausen, Usenborn</marc:subfield>
    </marc:datafield>
    <marc:datafield tag="264" ind1="3" ind2="1">
      <marc:subfield code="a">Herbstein</marc:subfield>
      <marc:subfield code="b">Wittich</marc:subfield>
      <marc:subfield code="c">1969-1972</marc:subfield>
    </marc:datafield>
    <marc:datafield tag="336" ind1=" " ind2=" ">
      <marc:subfield code="a">Text</marc:subfield>
      <marc:subfield code="b">txt</marc:subfield>
      <marc:subfield code="2">rdacontent</marc:subfield>
    </marc:datafield>
    <marc:datafield tag="337" ind1=" " ind2=" ">
      <marc:subfield code="a">ohne Hilfsmittel zu benutzen</marc:subfield>
      <marc:subfield code="b">n</marc:subfield>
      <marc:subfield code="2">rdamedia</marc:subfield>
    </marc:datafield>
    <marc:datafield tag="338" ind1=" " ind2=" ">
      <marc:subfield code="a">Band</marc:subfield>
      <marc:subfield code="b">nc</marc:subfield>
      <marc:subfield code="2">rdacarrier</marc:subfield>
    </marc:datafield>
    <marc:datafield tag="362" ind1="0" ind2=" ">
      <marc:subfield code="a">1.1969 - 4.1972,10</marc:subfield>
    </marc:datafield>
    <marc:datafield tag="363" ind1="0" ind2="0">
      <marc:subfield code="8">1.1\x</marc:subfield>
      <marc:subfield code="a">1</marc:subfield>
      <marc:subfield code="i">1969</marc:subfield>
    </marc:datafield>
    <marc:datafield tag="363" ind1="1" ind2="0">
      <marc:subfield code="8">1.2\x</marc:subfield>
      <marc:subfield code="a">4</marc:subfield>
      <marc:subfield code="b">10</marc:subfield>
      <marc:subfield code="i">1972</marc:subfield>
    </marc:datafield>
    <marc:datafield tag="591" ind1=" " ind2=" ">
      <marc:subfield code="a">(üa/Z)</marc:subfield>
    </marc:datafield>
    <marc:datafield tag="655" ind1=" " ind2="7">
      <marc:subfield code="0">(DE-588)4067510-5</marc:subfield>
      <marc:subfield code="0">https://d-nb.info/gnd/4067510-5</marc:subfield>
      <marc:subfield code="0">(DE-101)040675106</marc:subfield>
      <marc:subfield code="a">Zeitung</marc:subfield>
      <marc:subfield code="2">gnd-content</marc:subfield>
    </marc:datafield>
    <marc:datafield tag="710" ind1="1" ind2=" ">
      <marc:subfield code="0">(DE-588)2005780-5</marc:subfield>
      <marc:subfield code="0">https://d-nb.info/gnd/2005780-5</marc:subfield>
      <marc:subfield code="0">(DE-101)004660072</marc:subfield>
      <marc:subfield code="a">Bergheim</marc:subfield>
      <marc:subfield code="g">Büdingen</marc:subfield>
      <marc:subfield code="e">Herausgebendes Organ</marc:subfield>
      <marc:subfield code="4">isb</marc:subfield>
      <marc:subfield code="2">gnd</marc:subfield>
    </marc:datafield>
    <marc:datafield tag="710" ind1="1" ind2=" ">
      <marc:subfield code="0">(DE-588)2021797-3</marc:subfield>
      <marc:subfield code="0">https://d-nb.info/gnd/2021797-3</marc:subfield>
      <marc:subfield code="0">(DE-101)004795334</marc:subfield>
      <marc:subfield code="a">Selters</marc:subfield>
      <marc:subfield code="g">Büdingen</marc:subfield>
      <marc:subfield code="e">Herausgebendes Organ</marc:subfield>
      <marc:subfield code="4">isb</marc:subfield>
      <marc:subfield code="2">gnd</marc:subfield>
    </marc:datafield>
    <marc:datafield tag="751" ind1=" " ind2=" ">
      <marc:subfield code="0">(DE-588)4043910-0</marc:subfield>
      <marc:subfield code="0">https://d-nb.info/gnd/4043910-0</marc:subfield>
      <marc:subfield code="0">(DE-101)040439100</marc:subfield>
      <marc:subfield code="a">Ortenberg</marc:subfield>
      <marc:subfield code="e">Verbreitungsort</marc:subfield>
      <marc:subfield code="g">Wetteraukreis</marc:subfield>
      <marc:subfield code="4">dbp</marc:subfield>
      <marc:subfield code="2">gnd</marc:subfield>
    </marc:datafield>
    <marc:datafield tag="751" ind1=" " ind2=" ">
      <marc:subfield code="0">(DE-588)2005780-5</marc:subfield>
      <marc:subfield code="0">https://d-nb.info/gnd/2005780-5</marc:subfield>
      <marc:subfield code="0">(DE-101)004660072</marc:subfield>
      <marc:subfield code="a">Bergheim</marc:subfield>
      <marc:subfield code="e">Verbreitungsort</marc:subfield>
      <marc:subfield code="g">Büdingen</marc:subfield>
      <marc:subfield code="4">dbp</marc:subfield>
      <marc:subfield code="2">gnd</marc:subfield>
    </marc:datafield>
    <marc:datafield tag="751" ind1=" " ind2=" ">
      <marc:subfield code="0">(DE-588)2021797-3</marc:subfield>
      <marc:subfield code="0">https://d-nb.info/gnd/2021797-3</marc:subfield>
      <marc:subfield code="0">(DE-101)004795334</marc:subfield>
      <marc:subfield code="a">Selters</marc:subfield>
      <marc:subfield code="e">Verbreitungsort</marc:subfield>
      <marc:subfield code="g">Büdingen</marc:subfield>
      <marc:subfield code="4">dbp</marc:subfield>
      <marc:subfield code="2">gnd</marc:subfield>
    </marc:datafield>
    <marc:datafield tag="751" ind1=" " ind2=" ">
      <marc:subfield code="0">(DE-588)7570775-5</marc:subfield>
      <marc:subfield code="0">https://d-nb.info/gnd/7570775-5</marc:subfield>
      <marc:subfield code="0">(DE-101)984421521</marc:subfield>
      <marc:subfield code="a">Schwickartshausen</marc:subfield>
      <marc:subfield code="e">Verbreitungsort</marc:subfield>
      <marc:subfield code="4">dbp</marc:subfield>
      <marc:subfield code="2">gnd</marc:subfield>
    </marc:datafield>
    <marc:datafield tag="751" ind1=" " ind2=" ">
      <marc:subfield code="0">(DE-588)2024944-5</marc:subfield>
      <marc:subfield code="0">https://d-nb.info/gnd/2024944-5</marc:subfield>
      <marc:subfield code="0">(DE-101)004821467</marc:subfield>
      <marc:subfield code="a">Usenborn</marc:subfield>
      <marc:subfield code="e">Verbreitungsort</marc:subfield>
      <marc:subfield code="4">dbp</marc:subfield>
      <marc:subfield code="2">gnd</marc:subfield>
    </marc:datafield>
    <marc:datafield tag="785" ind1="0" ind2="0">
      <marc:subfield code="i">Forts.:</marc:subfield>
      <marc:subfield code="a">Ortenberg &lt;Wetteraukreis&gt;</marc:subfield>
      <marc:subfield code="t">Heimatblatt der Stadt Ortenberg</marc:subfield>
      <marc:subfield code="d">Herbstein : Wittich, 1972-1980</marc:subfield>
      <marc:subfield code="w">(DE-600)956919-4</marc:subfield>
      <marc:subfield code="w">(DE-101)010057692</marc:subfield>
    </marc:datafield>
    <marc:datafield tag="850" ind1=" " ind2=" ">
      <marc:subfield code="a">DE-101b</marc:subfield>
    </marc:datafield>
  </marc:record>
</marc:collection>
